[Event "12th Philadelphia International"]
[Site "Philadelphia"]
[Date "2018.07.01"]
[Round "7.4"]
[White "Perske, Thore"]
[Black "Vorontsov, Pavlo"]
[Result "0-1"]
[WhiteElo "2464"]
[BlackElo "2564"]
[PlyCount "114"]
[EventDate "2018.06.??"]
[EventType "swiss"]
[EventRounds "9"]
[EventCountry "USA"]

1. e4 g6 2. d4 Bg7 3. Nc3 d6 4. Nf3 Nf6 5. Be2 O-O 6. O-O a6 7. Re1 Nc6 8. d5
Na7 9. a4 c6 10. Bf1 Bg4 11. h3 Bxf3 12. Qxf3 Nd7 13. dxc6 Nxc6 14. Nd5 e6 15.
Nf4 Nc5 16. Qd1 Rb8 17. Nd3 Nd7 18. c3 Qc7 19. Be3 Rfc8 20. Nc1 b5 21. Nb3 Nde5
22. axb5 axb5 23. Nd4 Nc4 24. Bxc4 bxc4 25. Nxc6 Qxc6 26. Ra2 Rb5 27. Bd4 Bf8
28. e5 d5 29. Qf3 Rcb8 30. Ra7 R8b7 31. Rea1 Rxb2 32. Qf6 Qe8 33. Ra8 Rb8 34.
Rxb8 Qxb8 35. Ra7 Rb7 36. Rxb7 Qxb7 37. Qd8 Qe7 38. Qc8 h5 39. g3 Kh7 40. h4
Qa3 41. Qe8 Qe7 42. Qc8 g5 43. hxg5 Bg7 44. f4 Qa3 45. Qb7 Qc1+ 46. Kg2 Qc2+
47. Kf3 Kg6 48. Ke3 h4 49. gxh4 Qe4+ 50. Kd2 Qxf4+ 51. Kc2 Qxh4 52. Kb2 Qh2+
53. Ka1 Qh1+ 54. Ka2 Qg2+ 55. Ka1 Qf1+ 56. Ka2 Bxe5 57. Bxe5 Qe2+ 0-1

[Event "12th Philadelphia International"]
[Site "Philadelphia"]
[Date "2018.07.01"]
[Round "7"]
[White "Lindgren, Philip"]
[Black "Erenburg, Sergey"]
[Result "0-1"]
[WhiteElo "2394"]
[BlackElo "2563"]
[PlyCount "120"]
[EventDate "2018.06.??"]
[EventType "swiss"]
[EventRounds "9"]
[EventCountry "USA"]

1. d4 d5 2. c4 e6 3. Nf3 c6 4. e3 Nf6 5. Bd3 dxc4 6. Bxc4 b5 7. Be2 Bb7 8. O-O
Nbd7 9. a4 a6 10. b3 Bd6 11. Bb2 O-O 12. Nbd2 Qb8 13. Qc2 Rc8 14. Rfc1 c5 15.
Qb1 b4 16. h3 Be7 17. Rc2 Nd5 18. Nc4 cxd4 19. Nxd4 Rc5 20. Qd1 Bf6 21. Bf3 Qc7
22. Rac1 Rc8 23. Qd2 h6 24. g3 Rd8 25. Qe1 Qb8 26. Bg2 Ba8 27. h4 g6 28. Ne2
Bxb2 29. Nxb2 Rxc2 30. Rxc2 Ne5 31. Nc4 Nd3 32. Qa1 Nc5 33. Qb2 Nc3 34. Nxc3
bxc3 35. Qxc3 Rd1+ 36. Bf1 Qb7 37. e4 Nxe4 38. Qf3 Nxg3 39. Qxb7 Rxf1+ 40. Kg2
Bxb7+ 41. Kxg3 Rb1 42. Nd2 Rg1+ 43. Kf4 Kg7 44. b4 Kf6 45. b5 Ra1 46. Rc4 axb5
47. axb5 Ra2 48. Ke3 Rb2 49. Rc5 Rb4 50. Nc4 Bd5 51. Nd6 Ke7 52. Nc8+ Kd8 53.
Nd6 f5 54. f4 Kd7 55. Nc8 Re4+ 56. Kd3 Rxf4 57. Kc3 Bb7 58. Nb6+ Kd6 59. Rc4
Rxc4+ 60. Kxc4 g5 0-1

[Event "12th Philadelphia International"]
[Site "Philadelphia"]
[Date "2018.07.01"]
[Round "7"]
[White "Jacobson, Brandon"]
[Black "Bellahcene, Bilel"]
[Result "1/2-1/2"]
[WhiteElo "2303"]
[BlackElo "2495"]
[PlyCount "76"]
[EventDate "2018.06.??"]
[EventType "swiss"]
[EventRounds "9"]
[EventCountry "USA"]

1. d4 e6 2. Nf3 d5 3. c4 c6 4. e3 Bd6 5. Bd3 f5 6. O-O Nh6 7. b3 Nd7 8. Ba3 Bb8
9. Nc3 Qf6 10. Rc1 Kf7 11. cxd5 exd5 12. b4 Rd8 13. Qb3 Kg8 14. b5 Nf7 15. bxc6
bxc6 16. Na4 g5 17. g3 Nb6 18. Bb2 Nxa4 19. Qxa4 Bd7 20. Qa6 Bc7 21. Rc2 f4 22.
e4 Bb6 23. e5 Qh6 24. Qa3 Rf8 25. Rfc1 Rae8 26. Kh1 Nd8 27. Rg1 Kh8 28. Qd6 Qh5
29. Nxg5 Bg4 30. h4 Bf5 31. Bxf5 Rxf5 32. Kg2 f3+ 33. Kf1 Rff8 34. Rd2 h6 35.
Nh3 Ne6 36. Nf4 Qf5 37. Rd1 Qc2 38. Re1 Rxf4 1/2-1/2

[Event "12th Philadelphia International"]
[Site "Philadelphia"]
[Date "2018.07.01"]
[Round "7"]
[White "Liang, Awonder"]
[Black "Yoo, Christopher Woojin"]
[Result "1-0"]
[WhiteElo "2571"]
[BlackElo "2373"]
[PlyCount "65"]
[EventDate "2018.06.??"]
[EventType "swiss"]
[EventRounds "9"]
[EventCountry "USA"]

1. Nf3 Nf6 2. g3 g6 3. b3 Bg7 4. Bb2 d6 5. Bg2 O-O 6. c4 e5 7. O-O Re8 8. Nc3
c6 9. Rc1 Na6 10. d3 Nc5 11. b4 Ne6 12. e3 Bd7 13. a4 a5 14. b5 Nc5 15. d4 exd4
16. Nxd4 Nfe4 17. Qc2 Nxc3 18. Bxc3 Qc7 19. Rfd1 Re7 20. Qa2 Ne4 21. Bb2 Qb6
22. Qa1 Rae8 23. Nxc6 bxc6 24. Bxg7 Nxf2 25. Bd4 c5 26. Bh8 f6 27. Kxf2 Kxh8
28. Qxf6+ Kg8 29. Rxd6 Qb8 30. Bd5+ Be6 31. Rxe6 Rxe6 32. Bxe6+ Rxe6 33. Qxe6+
1-0

[Event "12th Philadelphia International"]
[Site "Philadelphia"]
[Date "2018.07.01"]
[Round "7"]
[White "Chasin, Nico"]
[Black "Panchanatham, Vignesh"]
[Result "1/2-1/2"]
[WhiteElo "2123"]
[BlackElo "2431"]
[PlyCount "98"]
[EventDate "2018.06.??"]
[EventType "swiss"]
[EventRounds "9"]
[EventCountry "USA"]

1. c4 Nf6 2. d4 c6 3. Nf3 d5 4. Nbd2 g6 5. e3 Bg7 6. Bd3 O-O 7. O-O Bf5 8. Qc2
Bxd3 9. Qxd3 Nbd7 10. b3 c5 11. Bb2 Re8 12. Rac1 Rc8 13. Rfd1 e6 14. Qb1 Qa5
15. cxd5 exd5 16. dxc5 Rxc5 17. Rxc5 Qxc5 18. Bd4 Qa5 19. Rc1 Ne4 20. Bxg7 Kxg7
21. Qb2+ Ndf6 22. h3 h5 23. Rc2 Re7 24. Qd4 Re6 25. Qb2 Rc6 26. Rxc6 bxc6 27.
Nxe4 dxe4 28. Nd2 Qd5 29. Kf1 Kg8 30. Qd4 a6 31. Qxd5 cxd5 32. b4 Kf8 33. Nb3
Nd7 34. Ke2 Ke7 35. Kd2 Kd6 36. Kc3 f5 37. Kd4 h4 38. Na5 Nb6 39. a3 g5 40.
Nb7+ Kc6 41. Nd8+ Kb5 42. Ke5 Nc4+ 43. Kxd5 Nxa3 44. Ke5 Nc2 45. Kxf5 Nxb4 46.
Nb7 Nd3 47. Kxe4 Nxf2+ 48. Kf5 Nd1 49. Kxg5 Nxe3 1/2-1/2

[Event "12th Philadelphia International"]
[Site "Philadelphia"]
[Date "2018.07.01"]
[Round "7"]
[White "Lokander, Martin"]
[Black "Plotkin, Mark"]
[Result "0-1"]
[WhiteElo "2386"]
[BlackElo "2250"]
[PlyCount "84"]
[EventDate "2018.06.??"]
[EventType "swiss"]
[EventRounds "9"]
[EventCountry "USA"]

1. d4 g6 2. c4 Bg7 3. Nc3 Nf6 4. e4 d6 5. Nf3 O-O 6. Be2 Na6 7. Bf4 Bg4 8. Qd2
Nd7 9. Ng1 Bxe2 10. Ngxe2 e5 11. Bg5 Qe8 12. d5 f5 13. f3 f4 14. Bh4 Ndc5 15.
Nc1 Na4 16. Nd3 Nxc3 17. Qxc3 c5 18. dxc6 Qxc6 19. Rc1 Rac8 20. Bf2 b5 21. cxb5
Qxb5 22. Qxc8 Rxc8 23. Rxc8+ Kf7 24. Rc3 Nb4 25. Nxb4 Qxb4 26. O-O Qxb2 27.
Rc7+ Kf6 28. Rxa7 g5 29. a4 g4 30. a5 gxf3 31. gxf3 Qe2 32. a6 Kg6 33. Rxg7+
Kxg7 34. a7 Qa2 35. Rc1 Qa6 36. Rb1 d5 37. Rb8 Qg6+ 38. Kf1 Qa6+ 39. Kg2 Qg6+
40. Bg3 fxg3 41. hxg3 Qg5 42. Rb7+ Kh6 0-1

[Event "12th Philadelphia International"]
[Site "Philadelphia"]
[Date "2018.07.01"]
[Round "7"]
[White "Flom, Gabriel"]
[Black "Wang, Qibiao"]
[Result "1/2-1/2"]
[WhiteElo "2512"]
[BlackElo "2337"]
[PlyCount "126"]
[EventDate "2018.06.??"]
[EventType "swiss"]
[EventRounds "9"]
[EventCountry "USA"]

1. d4 d5 2. Nf3 Nf6 3. Bf4 g6 4. e3 Bg7 5. h3 O-O 6. Nbd2 b6 7. c3 Bb7 8. a4 c5
9. Be2 Nc6 10. O-O Nd7 11. Qb3 e5 12. dxe5 Ndxe5 13. Nxe5 Nxe5 14. Rfd1 Qe7 15.
a5 c4 16. Qc2 b5 17. a6 Bc8 18. Bxe5 Bxe5 19. Nf3 Bf5 20. Qd2 Rfd8 21. Nxe5
Qxe5 22. Qd4 Qxd4 23. Rxd4 Rd7 24. Bf3 Be6 25. g4 f5 26. g5 Kf8 27. Kg2 Ke7 28.
Rad1 Rad8 29. Kg3 Rd6 30. Ra1 Rb6 31. Kf4 Kd6 32. h4 Kc5 33. h5 Bc8 34. h6 Rxa6
35. Rxa6 Bxa6 36. Ke5 Bb7 37. Kf6 Rd6+ 38. Kg7 Rd7+ 39. Kh8 Re7 40. Bg2 a5 41.
Rd1 Bc6 42. Ra1 a4 43. Bf3 b4 44. cxb4+ Kxb4 45. Bd1 Ra7 46. Bc2 c3 47. bxc3+
Kxc3 48. Bxa4 Bxa4 49. Rxa4 Rxa4 50. Kxh7 Ra2 51. Kxg6 Rxf2 52. h7 Rh2 53. Kg7
f4 54. exf4 d4 55. g6 d3 56. h8=Q Rxh8 57. Kxh8 d2 58. g7 d1=Q 59. g8=Q Qh5+
60. Qh7 Qe8+ 61. Kg7 Qd7+ 62. Kg8 Qc8+ 63. Kg7 Qc7+ 1/2-1/2

[Event "12th Philadelphia International"]
[Site "Philadelphia"]
[Date "2018.07.01"]
[Round "7"]
[White "Lou, Yiping"]
[Black "Yip, Carissa"]
[Result "1-0"]
[WhiteElo "2484"]
[BlackElo "2318"]
[PlyCount "71"]
[EventDate "2018.06.??"]
[EventType "swiss"]
[EventRounds "9"]
[EventCountry "USA"]

1. c4 Nf6 2. Nc3 g6 3. Nf3 Bg7 4. e4 d6 5. d4 O-O 6. h3 e5 7. d5 a5 8. Be3 Na6
9. g4 Nd7 10. a3 Nac5 11. Qc2 a4 12. O-O-O Nb3+ 13. Kb1 Ndc5 14. Rg1 Kh8 15. g5
c6 16. h4 cxd5 17. Rxd5 Be6 18. Rd1 Qb8 19. h5 Rc8 20. h6 Bf8 21. Nh4 Nd7 22.
f4 Bxc4 23. Bxc4 Rxc4 24. Qd3 Rc6 25. f5 Qe8 26. Rgf1 Na5 27. Rf2 Nc4 28. Nd5
Rac8 29. Rdf1 b5 30. Bc1 Nc5 31. Qf3 Nb3 32. fxg6 Nxa3+ 33. bxa3 Rxc1+ 34. Rxc1
Rxc1+ 35. Kb2 hxg6 36. Nxg6+ 1-0

[Event "12th Philadelphia International"]
[Site "Philadelphia"]
[Date "2018.07.01"]
[Round "7"]
[White "Mulyar, Michael"]
[Black "Colas, Joshua"]
[Result "1/2-1/2"]
[WhiteElo "2385"]
[BlackElo "2285"]
[PlyCount "124"]
[EventDate "2018.06.??"]
[EventType "swiss"]
[EventRounds "9"]
[EventCountry "USA"]

1. d4 Nf6 2. Nf3 e6 3. c4 b6 4. g3 Bb7 5. Bg2 Bb4+ 6. Bd2 c5 7. Bxb4 cxb4 8.
O-O a5 9. Nbd2 O-O 10. Re1 d6 11. e4 Qc7 12. Rc1 e5 13. Qc2 Na6 14. Nf1 Rfe8
15. dxe5 dxe5 16. N3d2 Rac8 17. Ne3 Qd6 18. Nd5 Bxd5 19. exd5 Nc5 20. Nb3 Nxb3
21. axb3 Rc7 22. Qd2 Rce7 23. Bh3 h6 24. Qe3 Rc7 25. Re2 Ree7 26. Rd2 Ne8 27.
Re1 Kf8 28. Rde2 Rb7 29. Qe4 g6 30. Qh4 Kg7 31. g4 f6 32. Bg2 Rf7 33. Re3 Qf8
34. Rh3 Kh7 35. g5 fxg5 36. Qxg5 Rf5 37. Qg3 Rbf7 38. Be4 R5f6 39. Qxe5 Qc5 40.
Ree3 Qf8 41. Rhg3 Nd6 42. f3 a4 43. h4 Nf5 44. Bxf5 Rxf5 45. Qe6 R5f6 46. Qe4
Qd6 47. Kg2 a3 48. bxa3 bxa3 49. h5 a2 50. hxg6+ Rxg6 51. Rxg6 Qxg6+ 52. Qxg6+
Kxg6 53. Re1 Ra7 54. Ra1 Kf5 55. Kf2 Ra3 56. Ke2 Ke5 57. Kd2 Rxb3 58. Rxa2 Rxf3
59. Ra6 Rf6 60. Kc3 h5 61. Kb4 h4 62. Ra3 Rh6 1/2-1/2

[Event "12th Philadelphia International"]
[Site "Philadelphia"]
[Date "2018.07.01"]
[Round "7"]
[White "Niemann, Hans"]
[Black "Graif, William"]
[Result "1/2-1/2"]
[WhiteElo "2313"]
[BlackElo "2156"]
[PlyCount "132"]
[EventDate "2018.06.??"]
[EventType "swiss"]
[EventRounds "9"]
[EventCountry "USA"]

1. d4 Nf6 2. Nf3 d5 3. g3 e6 4. Bg2 Be7 5. O-O O-O 6. b3 Nbd7 7. Bb2 b5 8. Nbd2
Bb7 9. Ne5 Nxe5 10. dxe5 Ne4 11. Nxe4 dxe4 12. Qe1 Qd5 13. Qc3 Qc5 14. Rfd1
Rfd8 15. Qxc5 Bxc5 16. e3 Bb6 17. Bf1 a6 18. a3 c5 19. c4 bxc4 20. Bxc4 Kf8 21.
Kf1 Bd5 22. Rdc1 Ke8 23. Ke2 Ba5 24. Rab1 Rab8 25. Ba1 Bxc4+ 26. Rxc4 Rd2+ 27.
Kf1 Rbd8 28. Bb2 Rd1+ 29. Rxd1 Rxd1+ 30. Kg2 Bb6 31. b4 Rb1 32. Rc2 cxb4 33.
axb4 Kd7 34. g4 Bd8 35. Rd2+ Kc7 36. Bc3 Rb3 37. Rc2 Be7 38. Be1+ Kd7 39. Rc4
Rb1 40. Kf1 Bd8 41. Rd4+ Ke8 42. Rxe4 a5 43. Ke2 a4 44. b5 a3 45. Ra4 Rxb5 46.
Rxa3 Rxe5 47. Bc3 Rg5 48. Ra8 f6 49. h4 Rd5 50. e4 Rd7 51. Ba5 e5 52. g5 Ke7
53. Bxd8+ Rxd8 54. Rxd8 Kxd8 55. gxf6 gxf6 56. Kd3 Kd7 57. Kc3 Kc7 58. Kb3 Kb7
59. Kc3 h5 60. Kc4 Kc6 61. f3 Kd6 62. Kb5 Kd7 63. Kb6 Kd6 64. Kb5 Kd7 65. Kc5
Kc7 66. Kd5 Kd7 1/2-1/2

[Event "12th Philadelphia International"]
[Site "Philadelphia"]
[Date "2018.07.01"]
[Round "7"]
[White "Sarkar, Justin"]
[Black "Mathur, Rithwik"]
[Result "1/2-1/2"]
[WhiteElo "2297"]
[BlackElo "2095"]
[PlyCount "63"]
[EventDate "2018.06.??"]
[EventType "swiss"]
[EventRounds "9"]
[EventCountry "USA"]

1. d4 Nf6 2. c4 e6 3. Bg5 d5 4. e3 Nbd7 5. Nc3 h6 6. Bh4 Be7 7. Nf3 O-O 8. Rc1
c5 9. cxd5 Nxd5 10. Bxe7 Nxe7 11. Bb5 cxd4 12. Qxd4 Nf6 13. Qa4 Bd7 14. Bxd7
Qxd7 15. Qxd7 Nxd7 16. Ke2 Rac8 17. Rhd1 Rfd8 18. Nb5 Rxc1 19. Rxc1 Rc8 20. Rd1
Rc2+ 21. Rd2 Rxd2+ 22. Nxd2 Nc8 23. Nc4 Kf8 24. Ncd6 Nxd6 25. Nxd6 b6 26. b4 a6
27. a4 Ke7 28. Nc4 Kd8 29. Kd3 Kc7 30. Kd4 f6 31. e4 b5 32. axb5 1/2-1/2

[Event "12th Philadelphia International"]
[Site "Philadelphia"]
[Date "2018.07.01"]
[Round "7"]
[White "Sinha, Sahil"]
[Black "Zong, Davis"]
[Result "1-0"]
[WhiteElo "2269"]
[BlackElo "2009"]
[PlyCount "71"]
[EventDate "2018.06.??"]
[EventType "swiss"]
[EventRounds "9"]
[EventCountry "USA"]

1. d4 Nf6 2. c4 e6 3. Nc3 Bb4 4. Qc2 d5 5. cxd5 exd5 6. Bg5 h6 7. Bh4 c6 8. e3
Nbd7 9. Bd3 O-O 10. a3 Be7 11. Nge2 Re8 12. O-O a6 13. f3 c5 14. Rad1 cxd4 15.
Nxd4 Ne5 16. Be2 Ng6 17. Bf2 Bc5 18. Nxd5 Qxd5 19. Nb3 Bxe3 20. Rxd5 Nxd5 21.
Re1 Ngf4 22. Bc4 Bxf2+ 23. Qxf2 Bd7 24. Rxe8+ Rxe8 25. Qd2 Bc6 26. Na5 Ne3 27.
Nxc6 bxc6 28. Qd7 Rf8 29. Bxf7+ Kh8 30. Qe7 Rxf7 31. Qxf7 Nexg2 32. Qe8+ Kh7
33. Qxc6 a5 34. Qc7 Kg6 35. Qxa5 Ne3 36. Qb6+ 1-0

[Event "12th Philadelphia International"]
[Site "Philadelphia"]
[Date "2018.07.01"]
[Round "7"]
[White "Polgar-Shutzman, Tom"]
[Black "Feng, Maggie"]
[Result "1/2-1/2"]
[WhiteElo "2081"]
[BlackElo "2236"]
[PlyCount "61"]
[EventDate "2018.06.??"]
[EventType "swiss"]
[EventRounds "9"]
[EventCountry "USA"]

1. e4 e6 2. d4 d5 3. Nd2 Be7 4. Ngf3 Nf6 5. Bd3 c5 6. exd5 Qxd5 7. dxc5 Qxc5 8.
Qe2 O-O 9. O-O Qc7 10. Nc4 Nc6 11. c3 b6 12. Nfe5 Nxe5 13. Bf4 Bb7 14. Nxe5 Bd6
15. Rad1 Nd5 16. Bg3 Rad8 17. Rfe1 h6 18. Bb1 Rfe8 19. Qc2 f5 20. Nf3 Nf6 21.
Rxd6 Rxd6 22. Bxd6 Qxd6 23. Ne5 Be4 24. Nc4 Qc6 25. Qe2 Bxb1 26. Rxb1 Rd8 27.
Ne3 Rd6 28. Rd1 Qd7 29. Rxd6 Qxd6 30. g3 Ne4 31. f3 1/2-1/2

[Event "12th Philadelphia International"]
[Site "Philadelphia"]
[Date "2018.07.01"]
[Round "7"]
[White "Slade, Theodore"]
[Black "Liang, Hairan"]
[Result "1/2-1/2"]
[WhiteElo "2018"]
[BlackElo "2169"]
[PlyCount "121"]
[EventDate "2018.06.??"]
[EventType "swiss"]
[EventRounds "9"]
[EventCountry "USA"]

1. d4 Nf6 2. c4 c5 3. d5 g6 4. Nc3 Bg7 5. e4 d6 6. Bd3 O-O 7. Nf3 e6 8. O-O
exd5 9. exd5 Bg4 10. h3 Bxf3 11. Qxf3 Nfd7 12. Bf4 Ne5 13. Qd1 Nbd7 14. Be2 f5
15. Qd2 Nf7 16. Be3 a6 17. Rae1 Qh4 18. f4 Rae8 19. Bd3 Qd8 20. Bf2 Bh6 21. Be3
Nf6 22. Qc2 Re7 23. Bd2 Rfe8 24. Qc1 Bg7 25. Rxe7 Rxe7 26. Re1 Qe8 27. Rxe7
Qxe7 28. Qe1 Qxe1+ 29. Bxe1 Nh5 30. g3 Bxc3 31. bxc3 Nf6 32. Kf2 Kf8 33. Kf3 h5
34. Bc2 Ke7 35. Ke3 Kd7 36. Kd3 Nh6 37. Bf2 Nhg8 38. Be1 Ne7 39. Bf2 Kc7 40.
Bd1 b5 41. Bf3 Nc8 42. cxb5 axb5 43. a4 bxa4 44. c4 a3 45. Kc2 a2 46. Kb2 Nb6
47. Be2 Na4+ 48. Ka1 Nc3 49. Bf3 Na4 50. Kxa2 Nb6 51. Kb3 Kb7 52. Be1 Ka6 53.
Bc3 Nbd7 54. Ka4 Nb6+ 55. Kb3 Nbd7 56. Ka3 Kb6 57. Kb2 Ka6 58. Kc2 Kb6 59. Kd3
Ka6 60. Ke3 Kb6 61. Kf2 1/2-1/2

[Event "12th Philadelphia International"]
[Site "Philadelphia"]
[Date "2018.07.02"]
[Round "8.1"]
[White "Sadorra, Julio Catalino"]
[Black "Kovalyov, Anton"]
[Result "1-0"]
[WhiteElo "2546"]
[BlackElo "2651"]
[PlyCount "101"]
[EventDate "2018.06.??"]
[EventType "swiss"]
[EventRounds "9"]
[EventCountry "USA"]

1. Nf3 Nf6 2. g3 d5 3. Bg2 e6 4. O-O Be7 5. c4 O-O 6. b3 b6 7. Bb2 Bb7 8. e3
Nbd7 9. Nc3 c5 10. Qe2 dxc4 11. bxc4 a6 12. d3 Rb8 13. a4 Qc7 14. Ne1 Ne5 15.
f4 Nc6 16. g4 Rbd8 17. g5 Ne8 18. Ne4 Nb4 19. Ra3 Qd7 20. h4 Bc6 21. h5 b5 22.
axb5 axb5 23. Nd2 Bxg2 24. Qxg2 Nd6 25. h6 g6 26. Ndf3 Nc6 27. cxb5 Nxb5 28.
Ra1 Nd6 29. Nh2 Nf5 30. Ng4 e5 31. Bxe5 Nxe5 32. Nxe5 Qe6 33. Nc2 Bxg5 34. e4
Bxh6 35. exf5 Qxf5 36. Ne3 Qh5 37. N3g4 Bg7 38. Ra7 Rd4 39. Nd7 Rd6 40. Nxf8
Bd4+ 41. Nf2 Kxf8 42. Qh2 Qg4+ 43. Kh1 Qe2 44. Qh6+ Ke8 45. Ra8+ Kd7 46. Qh3+
Re6 47. Ne4 Kc7 48. Ra7+ Kb8 49. Rxf7 g5 50. Rb1+ Ka8 51. Rf8+ 1-0

[Event "12th Philadelphia International"]
[Site "Philadelphia"]
[Date "2018.07.02"]
[Round "8.2"]
[White "Sevian, Samuel"]
[Black "Shtembuliak, Evgeny"]
[Result "1-0"]
[WhiteElo "2624"]
[BlackElo "2506"]
[PlyCount "77"]
[EventDate "2018.06.??"]
[EventType "swiss"]
[EventRounds "9"]
[EventCountry "USA"]

1. e4 e6 2. d4 d5 3. Nc3 Nc6 4. Nf3 Nf6 5. e5 Ne4 6. Bd3 Bb4 7. Bd2 Nxd2 8.
Qxd2 O-O 9. a3 Ba5 10. b4 Bb6 11. Na4 Nxd4 12. Nxd4 Bxd4 13. Bxh7+ Kxh7 14.
Qxd4 f6 15. O-O fxe5 16. Qxe5 Rf5 17. Qg3 e5 18. Rad1 b6 19. Rfe1 Qd6 20. Nc3
d4 21. Ne4 Qg6 22. h4 Qxg3 23. Nxg3 Rf4 24. Rxe5 Rxh4 25. Re7 c5 26. bxc5 bxc5
27. Rc7 Be6 28. Rxc5 Rd8 29. f3 Bf7 30. Ne2 Rd6 31. Rc7 Bg6 32. g3 Rh5 33. Rxd4
Rxd4 34. Nxd4 Ra5 35. Rc3 Rd5 36. Nb3 Rd1+ 37. Kf2 Rb1 38. Nd4 Rd1 39. Ke3 1-0

[Event "12th Philadelphia International"]
[Site "Philadelphia"]
[Date "2018.07.02"]
[Round "8.3"]
[White "Vorontsov, Pavlo"]
[Black "Puranik, Abhimanyu"]
[Result "1/2-1/2"]
[WhiteElo "2564"]
[BlackElo "2507"]
[PlyCount "51"]
[EventDate "2018.06.??"]
[EventType "swiss"]
[EventRounds "9"]
[EventCountry "USA"]

1. d4 Nf6 2. c4 g6 3. Nc3 d5 4. Bd2 Bg7 5. cxd5 Nxd5 6. e4 Nb6 7. Be3 O-O 8.
Bb5 f5 9. Qb3+ Kh8 10. Nf3 fxe4 11. Ng5 c6 12. Be2 Nd5 13. O-O-O Qb6 14. Bc4
Qxb3 15. Bxb3 h6 16. Ngxe4 Nxe3 17. fxe3 Bg4 18. Rdf1 Nd7 19. h3 Bf5 20. g4
Bxe4 21. Nxe4 e5 22. d5 Nf6 23. Nxf6 Bxf6 24. dxc6 bxc6 25. Bc2 Rad8 26. Bxg6
1/2-1/2

[Event "12th Philadelphia International"]
[Site "Philadelphia"]
[Date "2018.07.02"]
[Round "8.4"]
[White "Bellahcene, Bilel"]
[Black "Liang, Awonder"]
[Result "1/2-1/2"]
[WhiteElo "2495"]
[BlackElo "2571"]
[PlyCount "138"]
[EventDate "2018.06.??"]
[EventType "swiss"]
[EventRounds "9"]
[EventCountry "USA"]

1. e4 e5 2. Nf3 Nc6 3. Bb5 a6 4. Ba4 Nf6 5. O-O Be7 6. d3 d6 7. a3 O-O 8. h3 h6
9. Nc3 b5 10. Bb3 Na5 11. Ba2 c5 12. b4 Nc6 13. Nd5 Re8 14. Be3 Bf8 15. Nxf6+
Qxf6 16. Bd5 Bd7 17. Nd2 Rac8 18. f4 Be6 19. f5 Bd7 20. g4 Ne7 21. Bb3 c4 22.
dxc4 bxc4 23. Nxc4 Bb5 24. Nb6 Rc3 25. Qd2 Qh4 26. Rf3 Rxb3 27. cxb3 d5 28. f6
gxf6 29. Bf2 Qg5 30. Qxg5+ hxg5 31. Nxd5 Nxd5 32. exd5 e4 33. Re3 Bd7 34. Rf1
f5 35. gxf5 Bxf5 36. Bh4 Bg6 37. Bxg5 Re5 38. Bf6 Rxd5 39. Rc3 Bf5 40. h4 Kh7
41. Rc7 Kg6 42. Rc6 Be6 43. Rxa6 Rd3 44. Ra8 Rg3+ 45. Kh2 Rh3+ 46. Kg2 Rxb3 47.
h5+ Kxh5 48. Rxf8 Bh3+ 49. Kg1 Bxf1 50. Kxf1 Rf3+ 51. Ke2 Rxf6 52. b5 Kg6 53.
a4 Rb6 54. Rc8 Kf5 55. Ke3 Ke5 56. Rc4 Kd5 57. Rxe4 Rh6 58. Kd3 Rh3+ 59. Re3
Rh4 60. a5 Ra4 61. a6 Kc5 62. Re5+ Kb6 63. Kc3 f5 64. Kb3 Rh4 65. Re8 Rh7 66.
Kc4 Rh4+ 67. Kd5 Rh7 68. Rb8+ Ka7 69. Rf8 Kb6 1/2-1/2

[Event "12th Philadelphia International"]
[Site "Philadelphia"]
[Date "2018.07.02"]
[Round "8"]
[White "Lenderman, Aleksandr"]
[Black "Lokander, Martin"]
[Result "1-0"]
[WhiteElo "2615"]
[BlackElo "2386"]
[PlyCount "37"]
[EventDate "2018.06.??"]
[EventType "swiss"]
[EventRounds "9"]
[EventCountry "USA"]

1. Nf3 d5 2. g3 Nd7 3. d4 Nb6 4. Bg2 Nf6 5. O-O h6 6. Qd3 Nc4 7. Ne5 Nd6 8. f3
Bf5 9. e4 Bh7 10. Be3 e6 11. Nd2 Be7 12. Qe2 O-O 13. Bf2 c6 14. Nd3 Nd7 15.
Rfd1 Re8 16. Rac1 Qa5 17. a3 Bg5 18. f4 dxe4 19. Nc5 1-0

[Event "12th Philadelphia International"]
[Site "Philadelphia"]
[Date "2018.07.02"]
[Round "8"]
[White "Gurevich, Daniel"]
[Black "Nestorovic, Nikola"]
[Result "1-0"]
[WhiteElo "2462"]
[BlackElo "2476"]
[PlyCount "63"]
[EventDate "2018.06.??"]
[EventType "swiss"]
[EventRounds "9"]
[EventCountry "USA"]

1. Nf3 Nf6 2. g3 b6 3. Bg2 Bb7 4. O-O g6 5. d4 Bg7 6. c4 e6 7. Qc2 O-O 8. Nc3
d5 9. cxd5 exd5 10. Bg5 h6 11. Bf4 c6 12. Rfd1 Nbd7 13. b4 Qe7 14. Rab1 Rfe8
15. b5 c5 16. Be5 Rad8 17. e3 Nxe5 18. Nxe5 Ne4 19. f4 cxd4 20. Nxe4 dxe3 21.
Nc3 Bxe5 22. fxe5 Qc5 23. Kh1 Bc8 24. Rxd5 Rxd5 25. Bxd5 Bf5 26. Qb3 Rxe5 27.
Re1 e2 28. Rxe2 Re3 29. Rxe3 Qxe3 30. Nd1 Qe1+ 31. Kg2 Bg4 32. Qe3 1-0

[Event "12th Philadelphia International"]
[Site "Philadelphia"]
[Date "2018.07.02"]
[Round "8"]
[White "Wang, Justin"]
[Black "Lou, Yiping"]
[Result "0-1"]
[WhiteElo "2356"]
[BlackElo "2484"]
[PlyCount "142"]
[EventDate "2018.06.??"]
[EventType "swiss"]
[EventRounds "9"]
[EventCountry "USA"]

1. e4 e6 2. d4 d5 3. Nd2 c5 4. exd5 Qxd5 5. Ngf3 cxd4 6. Bc4 Qd8 7. O-O Nc6 8.
Nb3 a6 9. Nbxd4 Nxd4 10. Nxd4 Qc7 11. Qe2 Bd6 12. h3 Ne7 13. Bb3 O-O 14. c3 b6
15. Rd1 Ng6 16. Bc2 Bb7 17. Be4 Bc5 18. Bxb7 Qxb7 19. Nb3 Be7 20. Qg4 Rac8 21.
Bg5 f5 22. Qh5 e5 23. Bxe7 Qxe7 24. Qe2 Nf4 25. Qf3 Qg5 26. Nc1 e4 27. Qg3 Qh6
28. Qe3 Qg5 29. Qg3 Qh6 30. Qe3 Qh5 31. Rd7 Qg5 32. Qg3 Qh6 33. Qe3 Qc6 34. Ra7
Nd5 35. Qg5 Nc7 36. Ne2 Rf7 37. Nd4 Qd5 38. Qd2 f4 39. Rd1 Re8 40. Ne2 Qe5 41.
Qd4 Qg5 42. Qd6 f3 43. Ng3 e3 44. gxf3 exf2+ 45. Kg2 f1=Q+ 46. Rxf1 Nb5 47. Qc6
Re2+ 48. Rf2 Nxa7 49. Qa8+ Rf8 50. Qxa7 Rxf2+ 51. Kxf2 Qd5 52. Qc7 Qxf3+ 53.
Ke1 Qf2+ 54. Kd1 Qxb2 55. Qc4+ Kh8 56. Ne4 Qg2 57. Nd2 Rd8 58. Qf4 Qxh3 59. Qg5
Qd3 60. Ke1 Re8+ 61. Kd1 Qxc3 62. Qd5 Qc7 63. Qd4 Rd8 64. Qe3 Qd6 65. Kc2 Qxd2+
66. Qxd2 Rxd2+ 67. Kxd2 h5 68. Ke3 h4 69. Kf4 g5+ 70. Kg4 Kg7 71. Kxg5 h3 0-1

[Event "12th Philadelphia International"]
[Site "Philadelphia"]
[Date "2018.07.02"]
[Round "8"]
[White "Stearman, Josiah"]
[Black "Raja Harshit"]
[Result "1-0"]
[WhiteElo "2285"]
[BlackElo "2442"]
[PlyCount "43"]
[EventDate "2018.06.??"]
[EventType "swiss"]
[EventRounds "9"]
[EventCountry "USA"]

1. e4 c5 2. Nc3 a6 3. g3 b5 4. Bg2 Bb7 5. d3 e6 6. f4 d5 7. f5 b4 8. fxe6 fxe6
9. Nce2 e5 10. Nf3 dxe4 11. Nxe5 Qe7 12. Nc4 Nd7 13. Bf4 Qe6 14. O-O O-O-O 15.
a3 Ngf6 16. axb4 cxb4 17. Ra5 exd3 18. Qxd3 Bc5+ 19. Nd4 Bxg2 20. Nd6+ Bxd6 21.
Nxe6 Nc5 22. Nxc5 1-0

[Event "12th Philadelphia International"]
[Site "Philadelphia"]
[Date "2018.07.02"]
[Round "8"]
[White "Panchanatham, Vignesh"]
[Black "Jacobson, Brandon"]
[Result "0-1"]
[WhiteElo "2431"]
[BlackElo "2303"]
[PlyCount "70"]
[EventDate "2018.06.??"]
[EventType "swiss"]
[EventRounds "9"]
[EventCountry "USA"]

1. d4 Nf6 2. c4 e5 3. dxe5 Ng4 4. Bf4 Nc6 5. Nf3 Bb4+ 6. Nbd2 Qe7 7. a3 Ngxe5
8. Nxe5 Nxe5 9. e3 Bxd2+ 10. Qxd2 d6 11. Be2 O-O 12. O-O b6 13. b4 Bb7 14. Rac1
Nd7 15. Bg3 a5 16. Qb2 Ra7 17. Qd4 Rfa8 18. f3 axb4 19. axb4 Ra4 20. Rb1 Ne5
21. Rfd1 Ra2 22. Kf1 Nc6 23. Qc3 h5 24. c5 dxc5 25. bxc5 h4 26. Bf2 h3 27. g3
Ne5 28. e4 Ng4 29. c6 Ba6 30. Rd2 Nxh2+ 31. Ke1 Bxe2 32. Kxe2 R8a3 33. Rb3 Rxb3
34. Qxb3 Rxd2+ 35. Kxd2 Nf1+ 0-1